|
|
|
|
| LEADER |
01972nam a2200601 i 4500 |
| 001 |
nkc20253681068 |
| 003 |
CZ PrNK |
| 005 |
20250526105733.0 |
| 007 |
ta |
| 008 |
250407s2025 xr a f 000 0 cze |
| 015 |
|
|
|a cnb003681068
|
| 020 |
|
|
|a 978-80-286-0221-5
|q (brožováno)
|
| 035 |
|
|
|a (OCoLC)1522999786
|
| 040 |
|
|
|a OLA001
|b cze
|d ABA001
|e rda
|
| 072 |
|
7 |
|a 34
|x Právo
|2 Konspekt
|9 16
|
| 080 |
|
|
|a 340.132
|2 MRF
|
| 080 |
|
|
|a 347.951
|2 MRF
|
| 080 |
|
|
|a 159.955
|2 MRF
|
| 080 |
|
|
|a 159.956
|2 MRF
|
| 080 |
|
|
|a 17.024.2
|2 MRF
|
| 080 |
|
|
|a 34
|2 MRF
|
| 080 |
|
|
|a 17
|2 MRF
|
| 080 |
|
|
|a (048.8)
|2 MRF
|
| 100 |
1 |
|
|a Tvrdíková, Linda,
|d 1991-
|7 mub20221137509
|4 aut
|
| 245 |
1 |
0 |
|a Rozum a cit při interpretaci práva /
|c Linda Tvrdíková
|
| 250 |
|
|
|a Vydání první
|
| 264 |
|
1 |
|a Praha :
|b Wolters Kluwer,
|c 2025
|
| 300 |
|
|
|a xii, 154 stran :
|b ilustrace ;
|c 24 cm
|
| 336 |
|
|
|a text
|b txt
|2 rdacontent
|
| 337 |
|
|
|a bez média
|b n
|2 rdamedia
|
| 338 |
|
|
|a svazek
|b nc
|2 rdacarrier
|
| 490 |
1 |
|
|a Academic papers
|
| 504 |
|
|
|a Obsahuje bibliografii a bibliografické odkazy
|
| 650 |
0 |
7 |
|a interpretace práva
|7 ph207466
|2 czenas
|
| 650 |
0 |
7 |
|a aplikace práva
|7 ph569369
|2 czenas
|
| 650 |
0 |
7 |
|a soudní rozhodnutí a stanoviska
|7 ph125859
|2 czenas
|
| 650 |
0 |
7 |
|a rozum
|7 ph198708
|2 czenas
|
| 650 |
0 |
7 |
|a intuice
|7 ph121166
|2 czenas
|
| 650 |
0 |
7 |
|a právo
|7 ph115914
|x etické a morální aspekty
|2 czenas
|
| 650 |
0 |
9 |
|a interpretation of law
|2 eczenas
|
| 650 |
0 |
9 |
|a application of law
|2 eczenas
|
| 650 |
0 |
9 |
|a judgments
|2 eczenas
|
| 650 |
0 |
9 |
|a reason
|2 eczenas
|
| 650 |
0 |
9 |
|a intuition
|2 eczenas
|
| 650 |
0 |
9 |
|a law
|x ethical and moral aspects
|2 eczenas
|
| 655 |
|
7 |
|a monografie
|7 fd132842
|2 czenas
|
| 655 |
|
9 |
|a monographs
|2 eczenas
|
| 830 |
|
0 |
|a Academic papers
|0 s
|
| 910 |
2 |
|
|a BOA001
|b 2-1542.916
|
| 990 |
|
|
|a BK
|
| 995 |
|
|
|a 01
|
| 991 |
|
|
|b 202505
|c NOV
|
| 996 |
6 |
|
|b 2611003538
|c 2-1542.916
|l MZK
|r Sklad / do 1 hodiny
|n 0
|p p.v.
|w 002004951
|u 000010
|a 1
|e BOA001
|j MZK50
|s P
|